Contribución al estudio de los ortópteros de México, IV. ortópteros del Pedregal de San Ángel, Villa Obregón, D. F. (Registro nro. 12137)
[ vista simple ]
| 000 -CABECERA | |
|---|---|
| Campo de control | 006450000a22001810004500 |
| 090 ## - CLASIFICACIÓN LOCAL | |
| Colección | AR |
| Consecutivo | 03080 |
| 041 0# - IDIOMA | |
| Código de idioma para texto/pista de sonido o título separado | |
| 100 1# - ASIENTO PRINCIPAL--NOMBRE PERSONAL | |
| Nombre personal | Márquez Mayaudon, Carlos |
| 245 10 - MENCION DE TITULO | |
| Título | Contribución al estudio de los ortópteros de México, IV. ortópteros del Pedregal de San Ángel, Villa Obregón, D. F. |
| 650 14 - ASIENTO SECUNDARIO DE MATERIA - TERMINO TEMATICO | |
| Término temático o nombre geográfico como elemento de entrada | Insectos |
| 650 14 - ASIENTO SECUNDARIO DE MATERIA - TERMINO TEMATICO | |
| Término temático o nombre geográfico como elemento de entrada | Entomología |
| 650 14 - ASIENTO SECUNDARIO DE MATERIA - TERMINO TEMATICO | |
| Término temático o nombre geográfico como elemento de entrada | Biología |
| 650 14 - ASIENTO SECUNDARIO DE MATERIA - TERMINO TEMATICO | |
| Término temático o nombre geográfico como elemento de entrada | Nuevos registros |
| 651 #4 - ASIENTO SECUNDARIO DE MATERIA - NOMBRE GEOGRAFICO | |
| -- | Pedregal de San Angel |
| -- | Distrito Federal |
| -- | México |
| 653 ## - TERMINO DE INDIZACION - NO CONTROLADO | |
| -- | Syntechna |
| -- | Syntechna tarasca |
| 773 1# - Item fuente: | |
| Título | Anales del Instituto de Biología |
| Especificación de materiales | 127 |
| Descripción física | 1 |
| Paginas del Articulo | 107-112 |
| Lugar, editorial y fecha de publicación | 1968 |
| 942 ## - ELEMENTOS ADICIONALES (KOHA) | |
| Tipo de ítem | Artículo |
| Withdrawn status | Lost status | Damaged status | No para préstamo | Colección | Ubicación Permanente | Ubicación actual | Fecha de adquisición | Fuente de Valor | Datos de publicación Seriada | Total Checkouts | Número topográfico | Inventario / Código de Barras | Date last seen | Ejemplar | Price effective from | Forma de adquisición | Tipo de material |
|---|---|---|---|---|---|---|---|---|---|---|---|---|---|---|---|---|---|
| No para Préstamo | Hemeroteca | Bogotá | Bogotá | 27/02/2015 | Varón, Andrés | Fuera de circulación | AR 03080 | 013452 | 25/03/2015 | 1 | 25/03/2015 | Artículo |